| 000 | 00738nam a2200229 i 4500 | ||
|---|---|---|---|
| 001 | 49917 | ||
| 003 | ES-MaACL | ||
| 005 | 20230906162102.0 | ||
| 007 | t| | ||
| 008 | 030725s1984 sp ||||1| spa d | ||
| 020 | _a84-505-0220-9 | ||
| 100 | 1 |
_aCremades, Bernardo M. _941481 |
|
| 245 | 1 | 0 |
_aArbitraje comercial internacional / _c[elaborado por Bernardo Cremades]. |
| 250 | _a[2ª ed. rev.]. | ||
| 260 |
_aMadrid : _bBanco Exterior de España, _c[1984] |
||
| 300 |
_a169 p. ; _c19 cm. |
||
| 490 | 1 |
_aManuales Extebank. Serie comercio exterior ; _v6 |
|
| 830 | 0 |
_aManuales Extebank. Serie comercio exterior ; _v6 _9180627 |
|
| 852 |
_aES-MaACL _jL-12032 _bR.114095 |
||
| 852 |
_aES-MaACL _jL-12666 _bR.114168 |
||
| 999 |
_c49917 _d49917 |
||